Scrabble : questions générales sur le jeu - Statistiques

Statistiques générales
  • Ce quiz a été pris 52 fois
  • Le résultat moyen est 16 sur 20
Statistiques - réponses
Question Réponse % Correct
Comment s'appelle son inventeur ? Alfred Mosher Butts
98%
Le Scrabble est un jeu de : Plateau
96%
En quelle langue le jeu est-il commercialisé ? Français
93%
Quel était le nom de la première version ? Lexico
93%
Quelle est la particularité du tournoi duplicate ? Tout le monde joue avec le même tirage de lettres
93%
Jusqu’à combien de joueurs peut-on jouer dans une partie classique ? 4
91%
Que contient la boîte du jeu ? Des lettres
91%
Quelle était sa profession ? Architecte
87%
Le joker est également appelé : Lettre blanche
87%
Comment s’appelle le support des lettres du Scrabble ? Chevalet
84%
En quelle matière sont les jetons la plupart du temps ? En bois
84%
Dans quel film l’un des acteurs propose de faire une partie ? Les Bronzés
84%
La case centrale du jeu est souvent représentée par : Une étoile
82%
Quelle est l'année de son invention ? 1948
80%
Quand on place ses 7 lettres d'un seul coup, on dit "faire un scrabble", mais quel est le mot approprié aux U.S.A ? Bingo
71%
Le jeu comporte toutes les lettres de l’alphabet, mais que fait-on quand on ne sait pas où poser son Q alors que l’on est en plein tournoi ? On change ses lettres en espérant piocher un x
69%
Où est-il plus courant de le pratiquer ? Dans un club
64%
Quel lieu en France est réputé pour ses tournois de Scrabble ? Vichy
62%
Quelles sont les initiales du dictionnaire de référence du Scrabble qui permet de vérifier si un mot est valide ? Ods
60%
Quel est le meilleur moyen de jouer de façon conviviale en mangeant en même temps ? Piocher 15 E
9%
Aucun quiz correspondant
Distribution des résultats
% des personnes avec chaque résultat
Percentile par nombre de réponses
Votre historique - résultats
Vous n’avez pas pris ce quiz